000 00563nam a22001697a 4500
999 _c30587
_d30587
008 191114b ||||| |||| 00| 0 eng d
020 _a996671880x
050 _aTA 166 .M35 2008
100 _aMaina, Mwituria S.
245 _aIntroduction to ergonomics:
_bfitting tools, man and work/
260 _aNairobi-Kenya:
_bMwituri publishers,
_c2008.
300 _a192p.:
_c20 cm.
504 _aIncludes bibliographical references and index.
650 _aHuman engineering.
650 _aWork environment.
942 _2lcc
_cBOOKS
_hTA 166 .M35 2008